000 01395nam0a2200349 4500
001 RU\NLR\BIBL_A\022613452
005 20260608064218.0
010 _a978-5-00198-608-9
021 _aRU
_bКН-П-25-041456
_9КН-П-25-4038
035 _a(NLR Aleph) 022613452
090 _a13683500
_c13683500
100 _a20250902d2025 u y0rusy50 ca
101 0 _arus
102 _aRU
105 _aa z 000ay
181 0 _ai
_baxxe
181 0 _ab2
_bbb2e
182 0 _an
200 1 _aПодружись со мной, лошадка
_e[для чтения взрослыми детям]
_fЮлия Симбирская
_g[иллюстрации Любови Ерёминой-Ношин]
203 _aТекст
_aИзображение
_bвизуальные
_cнепосредственные
210 _aМосква
_cЭНАС-Книга
_d2025
215 _a[31] с.
_cцв. ил.
_d27
225 1 _aСтихотворная страна
333 _a0+
686 0 _aШ9(2)60=Р7-5
700 1 _aСимбирская
_bЮ. С.
_f1977-
_gЮлия Станиславовна
_3RU\NLR\AUTH\770159797
_9159756
702 1 _4440
_aЕрёмина-Ношин
_bЛ. В.
_cхудожник
_f1980-
_gЛюбовь Владимировна
_9132898
_3RU\NLR\AUTH\770132932
942 _cBOOK
980 _aNB